Top Scorers for Italy in the 21st century - Statistics

General Stats
  • This quiz has been taken 18 times
  • The average score is 14 of 25
Answer Stats
Answer % Correct
Ciro Immobile
100%
Alessandro Del Piero
94%
Andrea Pirlo
89%
Luca Toni
89%
Filippo Inzaghi
83%
Francesco Totti
83%
Antonio Di Natale
78%
Leonardo Bonucci
72%
Mario Balotelli
72%
Giorgio Chiellini
67%
Lorenzo Insigne
67%
Christian Vieri
61%
Daniele De Rossi
50%
Fabio Quagliarella
50%
Federico Chiesa
50%
Andrea Belotti
44%
Domenico Berardi
39%
Nicolo Barella
39%
Alberto Gilardino
33%
Antonio Cassano
33%
Graziano Pelle
33%
Stephan El Shaarawy
28%
Antonio Candreva
22%
Giacomo Raspadori
17%
Davide Frattesi
6%
No matching quizzes found
Score Distribution
Percent of People with Each Score
Percentile by Number Answered
Your Score History
You have not taken this quiz